[Event "2nd International Chess Festiv"]
[Site "Paracin"]
[Date "2009.08.23"]
[Round "6.1"]
[White "Stanojoski, Zvonko"]
[Black "Pancevski, Filip"]
[Result "1-0"]
[WhiteElo "2483"]
[BlackElo "2422"]
[PlyCount "85"]
[EventDate "2009.??.??"]

1. e4 c5 2. Nf3 a6 3. c3 e6 4. d4 d5 5. e5 Bd7 6. Be3 cxd4 7. cxd4 Bb5 8. Bxb5+
axb5 9. O-O Ne7 10. Qd3 Qd7 11. Nc3 b4 12. Nb5 Nec6 13. Rfc1 Na6 14. a4 h6 15.
h4 Be7 16. g4 Qd8 17. g5 hxg5 18. Bxg5 f6 19. Bf4 Kd7 20. Nd6 Bxd6 21. exd6 Na7
22. Re1 Qe8 23. Re2 Qh5 24. Bg3 Rae8 25. Rc1 Rc8 26. Rxc8 Rxc8 27. Kg2 Rh8 28.
Qc2 Qh7 29. Qd1 Qf5 30. a5 Rc8 31. Ne1 Qg4 32. f3 Qf5 33. Nd3 Nc6 34. Nf4 Re8
35. h5 Kd8 36. Re3 Nab8 37. Qe1 Kd7 38. Qd1 Kc8 39. Qa4 Qb1 40. Re2 Na6 41. Qb5
Qd1 42. Nxd5 Qxd4 43. d7+ 1-0

[Event "2nd International Chess Festiv"]
[Site "Paracin"]
[Date "2009.08.23"]
[Round "6.2"]
[White "Kasparov, Sergey"]
[Black "Tosic, Miroslav"]
[Result "1/2-1/2"]
[WhiteElo "2487"]
[BlackElo "2438"]
[PlyCount "59"]
[EventDate "2009.??.??"]

1. e4 e5 2. Nf3 Nc6 3. Bb5 a6 4. Bxc6 dxc6 5. O-O Bg4 6. h3 Bxf3 7. Qxf3 Qf6 8.
Qxf6 Nxf6 9. d3 Bc5 10. Nd2 Nd7 11. Nf3 f6 12. Bd2 Nf8 13. Rad1 O-O-O 14. g3
Ne6 15. Kg2 Rd7 16. Bc1 Rhd8 17. Ne1 Bb4 18. f4 Bxe1 19. Rdxe1 exf4 20. Bxf4 c5
21. Be3 b6 22. g4 Re8 23. b3 h6 24. h4 Kb7 25. Rf5 Nf8 26. Rh1 Ng6 27. Bc1 Ne7
28. Rf2 Nc6 29. Bb2 b5 30. Re1 1/2-1/2

[Event "2nd International Chess Festiv"]
[Site "Paracin"]
[Date "2009.08.23"]
[Round "6.3"]
[White "Abramovic, Bosko"]
[Black "Zlatanovic, Boroljub"]
[Result "1-0"]
[WhiteElo "2465"]
[BlackElo "2413"]
[PlyCount "81"]
[EventDate "2009.??.??"]

1. d4 Nf6 2. Nf3 g6 3. c4 Bg7 4. g3 O-O 5. Bg2 d6 6. Nc3 c5 7. O-O Nc6 8. dxc5
dxc5 9. Be3 Qa5 10. Qb3 Ng4 11. Bf4 Qb4 12. Nd5 Qxb3 13. axb3 e5 14. Bd2 Bd7
15. Bc3 Rfd8 16. e3 e4 17. Ng5 Bxc3 18. bxc3 f5 19. h3 Nge5 20. f4 Nf7 21. Nf6+
Kg7 22. Nxd7 Rxd7 23. Ne6+ Kf6 24. Nxc5 Rc7 25. Rfd1 Rd8 26. b4 a5 27. Rxd8
Nfxd8 28. Na4 axb4 29. Nb6 Ke6 30. Nd5 Rc8 31. cxb4 b5 32. Bf1 Nf7 33. Rd1 Nd6
34. cxb5 Na7 35. b6 Nab5 36. Bxb5 Nxb5 37. g4 h5 38. gxf5+ gxf5 39. Kf2 h4 40.
Nc7+ Nxc7 41. Rc1 1-0

[Event "2nd International Chess Festiv"]
[Site "Paracin"]
[Date "2009.08.23"]
[Round "6.4"]
[White "Lazic, Dragoljub"]
[Black "Janev, Evgeni"]
[Result "0-1"]
[WhiteElo "2317"]
[BlackElo "2461"]
[PlyCount "80"]
[EventDate "2009.??.??"]

1. e4 Nf6 2. e5 Nd5 3. d4 d6 4. Nf3 g6 5. Bc4 Nb6 6. Bb3 Bg7 7. exd6 cxd6 8.
O-O O-O 9. Re1 Bg4 10. c3 Nc6 11. h3 Bf5 12. Bg5 h6 13. Be3 e5 14. Nbd2 Re8 15.
Nf1 e4 16. N3d2 d5 17. f3 exf3 18. Nxf3 Nc4 19. Bxc4 dxc4 20. Ng3 Bd3 21. Qd2
Kh7 22. h4 b5 23. Bf4 Qd7 24. Nh1 Be4 25. Nh2 Re7 26. Nf2 Rae8 27. Nxe4 Rxe4
28. Nf3 Qf5 29. Bg3 b4 30. Rxe4 Rxe4 31. d5 bxc3 32. bxc3 Nb4 33. d6 Nd3 34.
Rf1 Qd5 35. Kh2 f5 36. h5 gxh5 37. Ng5+ hxg5 38. Qxg5 h4 39. Bxh4 Qxd6+ 40. Kh1
Qg6 0-1

[Event "2nd International Chess Festiv"]
[Site "Paracin"]
[Date "2009.08.23"]
[Round "6.5"]
[White "Bojovic, Dusan"]
[Black "Simantsev, Mikhail"]
[Result "1/2-1/2"]
[WhiteElo "2286"]
[BlackElo "2527"]
[PlyCount "142"]
[EventDate "2009.??.??"]

1. e4 e5 2. Nf3 Nc6 3. d4 exd4 4. Nxd4 Bc5 5. Be3 Qf6 6. c3 Nge7 7. g3 h5 8.
Bg2 h4 9. Nc2 d6 10. Bxc5 dxc5 11. Ne3 Be6 12. f4 Rd8 13. Qe2 hxg3 14. hxg3
Rxh1+ 15. Bxh1 g5 16. f5 Ne5 17. Nd2 Bc8 18. O-O-O Kf8 19. Nf3 Rxd1+ 20. Qxd1
N7c6 21. Nd5 Qh6 22. Nxe5 Nxe5 23. Nxc7 g4+ 24. Kb1 Bd7 25. Bg2 c4 26. Qh1
Qxh1+ 27. Bxh1 Bc6 28. Kc2 Ke7 29. b3 Kd6 30. Nd5 Bxd5 31. exd5 b5 32. bxc4
Nxc4 33. Kd3 Ke5 34. Bg2 Nb2+ 35. Kc2 Nc4 36. Kd3 Nb2+ 37. Kc2 Nc4 38. Kd3 Nd6
39. Bf1 Nxf5 40. Be2 Kxd5 41. Bxg4 Nxg3 42. Bd7 Kc5 43. Be8 f6 44. Bg6 f5 45.
Bf7 Ne4 46. Be6 Nd6 47. Ke3 Nc4+ 48. Kf4 Nb6 49. Kxf5 Nd5 50. Ke4 Nxc3+ 51. Kd3
Na4 52. Bb3 Kb4 53. Kc2 Nc5 54. Bd5 Ka3 55. Bf7 Na6 56. Be6 Nb4+ 57. Kb1 Nc6
58. Bf7 Nd4 59. Bg8 a5 60. Bf7 a4 61. Bg8 Kb4 62. Bf7 a3 63. Bg8 Kc3 64. Bf7
Kd2 65. Bg8 Ne2 66. Bf7 Nc3+ 67. Ka1 Kc1 68. Bg8 Ne2 69. Bf7 Nd4 70. Bg6 b4 71.
Bh7 Nc2+ 1/2-1/2

[Event "2nd International Chess Festiv"]
[Site "Paracin"]
[Date "2009.08.23"]
[Round "6.6"]
[White "Martinovic, Slobodan"]
[Black "Mrkonjic, Nenad"]
[Result "1/2-1/2"]
[WhiteElo "2452"]
[BlackElo "2370"]
[PlyCount "112"]
[EventDate "2009.??.??"]

1. c4 d5 2. cxd5 Qxd5 3. Nc3 Qd8 4. d4 Nf6 5. Nf3 e6 6. Bg5 Be7 7. e3 O-O 8.
Bd3 Nbd7 9. O-O h6 10. Bh4 c5 11. Qe2 b6 12. Rad1 cxd4 13. exd4 Bb7 14. Bc2 Nd5
15. Bg3 N7f6 16. Bb3 Rc8 17. Qd3 Nxc3 18. bxc3 Be4 19. Qe3 Bd5 20. Rc1 b5 21.
Nd2 a5 22. Qd3 a4 23. Bc2 g6 24. Qxb5 Rxc3 25. Bxa4 Rxc1 26. Rxc1 Bxa2 27. Be5
Bd5 28. Nf1 Ng4 29. Bg3 Bd6 30. Bd1 Bxg3 31. hxg3 Nf6 32. Ne3 Qd6 33. Qc5 Rd8
34. Be2 Kg7 35. Qa5 Be4 36. Rd1 Bd5 37. Bf3 Bxf3 38. gxf3 Nd5 39. Nc4 Qc7 40.
Qxc7 Nxc7 41. Ne3 Nb5 42. Nc2 Rd5 43. f4 f6 44. Rb1 Nxd4 45. Rb7+ Kf8 46. Ne3
Rb5 47. Rd7 Ne2+ 48. Kf1 Nc3 49. Ng4 Ne4 50. Nxh6 g5 51. Rd4 f5 52. g4 Rb2 53.
gxf5 Rxf2+ 54. Kg1 Rxf4 55. fxe6 Ke7 56. Nf7 Kxe6 1/2-1/2

[Event "2nd International Chess Festiv"]
[Site "Paracin"]
[Date "2009.08.23"]
[Round "6.7"]
[White "Ivanov, Jordan"]
[Black "Brankovic, Dejan"]
[Result "1/2-1/2"]
[WhiteElo "2431"]
[BlackElo "2358"]
[PlyCount "115"]
[EventDate "2009.08.19"]

1. d4 Nf6 2. c4 g6 3. Nc3 Bg7 4. e4 d6 5. h3 O-O 6. Nf3 e5 7. d5 a5 8. Bg5 Qe8
9. g4 Na6 10. Be2 Nd7 11. Rg1 Ndc5 12. Qd2 Bd7 13. O-O-O c6 14. Bh6 Bxh6 15.
Qxh6 f6 16. dxc6 Bxc6 17. Rxd6 Nxe4 18. Nxe4 Bxe4 19. Nd2 Bc6 20. g5 Qe7 21.
Bh5 Qg7 22. Qxg7+ Kxg7 23. Bf3 Rac8 24. Bxc6 Rxc6 25. Rxc6 bxc6 26. Ne4 f5 27.
Nf6 Rd8 28. Rd1 Rxd1+ 29. Kxd1 Nc5 30. Kd2 h5 31. h4 Kf7 32. Kc3 Ke6 33. b3 Kd6
34. a3 e4 35. b4 axb4+ 36. axb4 Ne6 37. b5 cxb5 38. cxb5 Kc5 39. Ng8 Nxg5 40.
Ne7 Nf3 41. Nxg6 Kxb5 42. Nf4 Nxh4 43. Nxh5 Kc5 44. Nf4 Nf3 45. Kc2 Kd4 46. Kd1
Ke5 47. Ng6+ Kf6 48. Nf4 Kg5 49. Ne6+ Kg4 50. Ke2 f4 51. Kd1 Ne5 52. Ke2 Nc4
53. f3+ Kg3 54. Nd4 e3 55. Nf5+ Kh3 56. Kd3 Kg2 57. Ke2 Kh2 58. Ng7 1/2-1/2

[Event "2nd International Chess Festiv"]
[Site "Paracin"]
[Date "2009.08.23"]
[Round "6.8"]
[White "Maksimovic, Branimir"]
[Black "Milenkovic, Mladen"]
[Result "1/2-1/2"]
[WhiteElo "2421"]
[BlackElo "2336"]
[PlyCount "80"]
[EventDate "2009.08.19"]

1. d4 Nf6 2. Nf3 e6 3. e3 b6 4. Bd3 Bb7 5. O-O c5 6. c4 g6 7. d5 exd5 8. cxd5
Bxd5 9. e4 Be6 10. e5 Nh5 11. Bg5 Be7 12. Bxe7 Qxe7 13. Nc3 O-O 14. Qd2 Nc6 15.
Rfe1 Rae8 16. Be4 f6 17. Bxc6 dxc6 18. Qe3 Bd5 19. Rad1 Rd8 20. h3 Ng7 21. g4
Bxf3 22. Rxd8 Qxd8 23. Qxf3 fxe5 24. Qxc6 Qh4 25. Ne4 Qe7 26. g5 Qe6 27. Qxe6+
Nxe6 28. Nf6+ Kg7 29. h4 h6 30. Nd7 Rf5 31. gxh6+ Kxh6 32. Nxe5 Rf4 33. Kg2 Ra4
34. a3 Ng7 35. Kh3 Kh5 36. Nf3 Rf4 37. Kg3 Rg4+ 38. Kh3 Rf4 39. Kg3 Rg4+ 40.
Kh3 Rf4 1/2-1/2

[Event "2nd International Chess Festiv"]
[Site "Paracin"]
[Date "2009.08.23"]
[Round "6.9"]
[White "Ristic, Nebojsa B"]
[Black "Nestorovic, Dejan"]
[Result "1/2-1/2"]
[WhiteElo "2364"]
[BlackElo "2405"]
[PlyCount "126"]
[EventDate "2009.08.19"]

1. d4 Nf6 2. Nf3 g6 3. c4 Bg7 4. Nc3 d5 5. cxd5 Nxd5 6. e4 Nxc3 7. bxc3 c5 8.
Rb1 O-O 9. Be3 Qa5 10. Rb5 Qxc3+ 11. Bd2 Qa3 12. Ra5 Qb2 13. Rxc5 Nc6 14. Rc2
Qa3 15. Rc3 Qb2 16. Rc2 Qb6 17. Be3 Bg4 18. Rd2 Qa5 19. e5 Rad8 20. Qa1 Nb4 21.
Qb2 Rc8 22. a3 Nc2+ 23. Kd1 Nxa3 24. Bd3 Be6 25. Qa1 b5 26. Ng5 Qa4+ 27. Ke2
Bc4 28. Kf3 Bxd3 29. Rxd3 b4 30. Ne4 Qb5 31. Rxa3 bxa3 32. Qxa3 Qb7 33. Qa2 Rc7
34. g4 Rb8 35. Kf4 Bh6+ 36. g5 Bg7 37. Ra1 Qc8 38. Ng3 Qh3 39. Qa5 Rcb7 40. Qc5
h6 41. gxh6 Bxh6+ 42. Kf3 Bxe3 43. fxe3 Qxh2 44. e6 fxe6 45. Rh1 Rf8+ 46. Kg4
Qg2 47. Rh6 Qf3+ 48. Kh3 Rb1 49. Kh2 Qf2+ 50. Kh3 Qf3 51. Kh2 Kg7 52. Qg5 Rb2+
53. Kh3 Qg2+ 54. Kg4 Qf3+ 55. Kh3 Qg2+ 56. Kg4 Rf6 57. Qh4 Qf3+ 58. Kh3 Qg2+
59. Kg4 Kf7 60. Rh8 Qf3+ 61. Kh3 Qg2+ 62. Kg4 Qf3+ 63. Kh3 Qg2+ 1/2-1/2

[Event "2nd International Chess Festiv"]
[Site "Paracin"]
[Date "2009.08.23"]
[Round "6.10"]
[White "Lapcevic, Milos"]
[Black "Radosavljevic, Slobodan D"]
[Result "1-0"]
[WhiteElo "2390"]
[BlackElo "2248"]
[PlyCount "73"]
[EventDate "2009.08.19"]

1. d4 Nf6 2. c4 c5 3. d5 d6 4. Nc3 g6 5. e4 Bg7 6. f3 O-O 7. Bg5 Qa5 8. Qd2 a6
9. a4 Re8 10. Ra3 Nbd7 11. Nh3 Ne5 12. Nf2 e6 13. Be2 exd5 14. cxd5 Rb8 15. O-O
h5 16. Qc2 Nh7 17. Bd2 Qc7 18. a5 f5 19. Na4 fxe4 20. Nxe4 Bf5 21. b4 c4 22.
Rc3 b5 23. axb6 Qd7 24. Qd1 Nf6 25. Bxc4 Bxe4 26. fxe4 Nxe4 27. Be2 Nxd2 28.
Rc7 Ndf3+ 29. Bxf3 Qb5 30. Kh1 Qxb4 31. Qc2 Rf8 32. Rb1 Qf4 33. Qe4 Qd2 34. Rc2
Qg5 35. b7 Kh7 36. Rc7 Qd2 37. Nc3 1-0

[Event "2nd International Chess Festiv"]
[Site "Paracin"]
[Date "2009.08.23"]
[Round "6.11"]
[White "Dudukovic, Nikola"]
[Black "Radlovacki, Jovan"]
[Result "1/2-1/2"]
[WhiteElo "2260"]
[BlackElo "2380"]
[PlyCount "43"]
[EventDate "2009.08.19"]

1. e4 c6 2. d4 d5 3. Nc3 dxe4 4. Nxe4 Nf6 5. Nxf6+ exf6 6. Bf4 Be6 7. c3 Bd6 8.
Bxd6 Qxd6 9. Nf3 O-O 10. Be2 Nd7 11. O-O Nb6 12. Nd2 f5 13. Qc2 Rad8 14. Rad1
g6 15. Rfe1 Rfe8 16. b3 c5 17. dxc5 Qxc5 18. Bf3 Bd5 19. c4 a5 20. h3 Bc6 21.
Bxc6 bxc6 22. Nf3 1/2-1/2

[Event "2nd International Chess Festiv"]
[Site "Paracin"]
[Date "2009.08.23"]
[Round "6.12"]
[White "Kojovic, Dragan"]
[Black "Grujic, Nebojsa"]
[Result "1-0"]
[WhiteElo "2373"]
[BlackElo "2214"]
[PlyCount "187"]
[EventDate "2009.08.19"]

1. e4 e6 2. d4 d5 3. Nc3 Bb4 4. e5 c5 5. Bd2 Ne7 6. a3 Bxc3 7. Bxc3 b6 8. Bb5+
Kf8 9. Bd3 Ba6 10. Bxa6 Nxa6 11. Nf3 Rc8 12. O-O Nf5 13. Qe2 Nb8 14. Rfd1 Nc6
15. dxc5 bxc5 16. b4 c4 17. b5 Nb8 18. Nd4 Nxd4 19. Bxd4 Qa5 20. Rdb1 Nd7 21.
Qe3 Ra8 22. a4 h6 23. h4 Kg8 24. Qf4 Qc7 25. Qe3 Qa5 26. Ra3 Kh7 27. Qf4 Rhf8
28. Bc3 Qc7 29. Bb4 Nc5 30. Qd4 Rfc8 31. f3 a5 32. Bc3 Rcb8 33. Raa1 Nd7 34.
Qe3 Nb6 35. Bd4 Rb7 36. c3 Rc8 37. g4 Nd7 38. f4 Nc5 39. Bxc5 Qxc5 40. Kf2 Qe7
41. Kg3 d4 42. cxd4 c3 43. Rb3 c2 44. Rc1 g6 45. Qd3 Qd8 46. f5 Rd7 47. fxg6+
fxg6 48. h5 Qg5 49. Qxg6+ Qxg6 50. hxg6+ Kxg6 51. b6 Rxd4 52. b7 Rb8 53. Rxc2
Rb4 54. Rxb4 axb4 55. Rc6 Rxb7 56. Rxe6+ Kg5 57. Re8 Kg6 58. a5 b3 59. a6 Ra7
60. Re6+ Kg5 61. Rb6 b2 62. Rxb2 Rxa6 63. Rf2 Ra3+ 64. Rf3 Ra4 65. Rf5+ Kg6 66.
Rf4 Ra3+ 67. Rf3 Ra4 68. Kh4 Ra1 69. Re3 Rh1+ 70. Kg3 Ra1 71. e6 Ra8 72. e7 Re8
73. Kh4 Kf7 74. Kh5 Kg7 75. Re5 Kf6 76. Re4 Kg7 77. Re6 Kf7 78. Rxh6 Kxe7 79.
Rh7+ Ke6 80. g5 Ra8 81. Rb7 Kf5 82. Rf7+ Ke6 83. Kg6 Rg8+ 84. Rg7 Ra8 85. Rh7
Rg8+ 86. Kh6 Kf5 87. Rf7+ Ke6 88. g6 Rh8+ 89. Kg7 Rh2 90. Rf3 Ra2 91. Kg8 Ra8+
92. Kh7 Ra1 93. Rh3 Kf6 94. g7 1-0

[Event "2nd International Chess Festiv"]
[Site "Paracin"]
[Date "2009.08.23"]
[Round "6.13"]
[White "Rossi, Aldo A"]
[Black "Dimitrijevic, Radmilo"]
[Result "1/2-1/2"]
[WhiteElo "2311"]
[BlackElo "2228"]
[PlyCount "59"]
[EventDate "2009.08.19"]

1. Nf3 d5 2. b3 e6 3. Bb2 Nf6 4. e3 c5 5. Ne5 Bd6 6. Bb5+ Nbd7 7. O-O O-O 8.
Bxd7 Nxd7 9. Nxd7 Bxd7 10. d3 Qc7 11. h3 f5 12. Nd2 Rae8 13. c4 Bc6 14. Rc1 Qf7
15. cxd5 Bxd5 16. e4 fxe4 17. Nxe4 Bxe4 18. dxe4 Rd8 19. Qg4 h5 20. Qe2 Bf4 21.
Rcd1 Qg6 22. Rd3 Rxd3 23. Qxd3 Bg5 24. Bc1 Bxc1 25. Rxc1 Qf6 26. Qe3 b6 27. Rd1
Rd8 28. Qe2 Rxd1+ 29. Qxd1 g6 30. Qd6 1/2-1/2

[Event "2nd International Chess Festiv"]
[Site "Paracin"]
[Date "2009.08.23"]
[Round "6.14"]
[White "Pantic, Ivica"]
[Black "Dinic, Dragan"]
[Result "1/2-1/2"]
[WhiteElo "2197"]
[BlackElo "2310"]
[PlyCount "72"]
[EventDate "2009.08.19"]

1. d4 Nf6 2. c4 g6 3. Nc3 d5 4. cxd5 Nxd5 5. e4 Nxc3 6. bxc3 Bg7 7. Bc4 O-O 8.
Ne2 Nc6 9. O-O b6 10. Be3 Bb7 11. f4 Qd6 12. Ng3 e6 13. e5 Qd7 14. Bd3 Na5 15.
Qe2 Rad8 16. Rad1 Qa4 17. f5 exf5 18. Nxf5 gxf5 19. Bxf5 Qc6 20. Rf4 Rfe8 21.
Rdf1 Rd6 22. Be4 Qc4 23. Bd3 Qd5 24. c4 Qxg2+ 25. Qxg2 Bxg2 26. Kxg2 Bxe5 27.
dxe5 Rxd3 28. Rg4+ Kf8 29. Bh6+ Ke7 30. Rg7 Ra3 31. Rgxf7+ Ke6 32. Rxc7 Rxa2+
33. Kh3 Ra3+ 34. Kg2 Ra2+ 35. Kh3 Ra3+ 36. Kg2 Ra2+ 1/2-1/2

[Event "2nd International Chess Festiv"]
[Site "Paracin"]
[Date "2009.08.23"]
[Round "6.15"]
[White "Popovic, Djordje"]
[Black "Radusinovic, Lazar"]
[Result "0-1"]
[WhiteElo "2308"]
[BlackElo "2185"]
[PlyCount "111"]
[EventDate "2009.08.19"]

1. d4 Nf6 2. g3 g6 3. Bg2 d5 4. Nf3 Bg7 5. c4 c6 6. O-O O-O 7. Nc3 Nbd7 8. b3
Nb6 9. cxd5 Nbxd5 10. Nxd5 cxd5 11. Bf4 Be6 12. Be5 Qb6 13. Qc1 Qa5 14. Qc5
Qxc5 15. dxc5 Ne4 16. Bxg7 Kxg7 17. Rfc1 Nf6 18. Nd4 Bd7 19. f4 e6 20. Bf3 Rfc8
21. b4 a6 22. a4 Rc7 23. a5 Bc6 24. g4 Nd7 25. e3 Re8 26. Nc2 Nb8 27. Rd1 Nd7
28. g5 h6 29. h4 h5 30. Kf2 Nb8 31. Rd2 Ree7 32. Ne1 Nd7 33. Bg2 f5 34. gxf6+
Nxf6 35. Bf3 e5 36. fxe5 Rxe5 37. Rd4 Rce7 38. Ng2 Bd7 39. Nf4 Rxe3 40. Rg1 Bg4
41. Rg3 Rb3 42. Bxd5 Rb2+ 43. Kf1 Rb1+ 44. Kf2 Rb2+ 45. Kf1 Nxd5 46. Rxd5 Re4
47. Rxg4 hxg4 48. Nd3 Rd2 49. Rd7+ Kh6 50. Nf2 Rxd7 51. Nxe4 Rd4 52. Nd6 Rxb4
53. Kf2 Kh5 54. Kg3 Rb3+ 55. Kf4 Kxh4 56. Ne4 0-1

[Event "2nd International Chess Festiv"]
[Site "Paracin"]
[Date "2009.08.23"]
[Round "6.16"]
[White "Popovic, Aleksandar M"]
[Black "Kasparova, Tatiana"]
[Result "1-0"]
[WhiteElo "2300"]
[BlackElo "2169"]
[PlyCount "63"]
[EventDate "2009.08.19"]

1. e4 d6 2. d4 Nf6 3. Nc3 e5 4. Nge2 Nbd7 5. g3 g6 6. Bg2 Bg7 7. O-O O-O 8. h3
c6 9. Be3 Re8 10. Re1 Qc7 11. a4 Nf8 12. Qd2 b6 13. Ra3 Bb7 14. d5 cxd5 15.
exd5 Rec8 16. a5 Ba6 17. Rea1 Qb7 18. Nc1 Ne8 19. N1a2 Nc7 20. Nb4 Nb5 21. Bf1
bxa5 22. Rxa5 Nxc3 23. Bxa6 Qxb4 24. bxc3 Rxc3 25. Rb5 Qc4 26. Rb8 Rxb8 27.
Bxc4 Rxc4 28. Rxa7 Rb2 29. Qa5 Rcxc2 30. Qd8 Ra2 31. Re7 Ra6 32. Qe8 1-0

[Event "2nd International Chess Festiv"]
[Site "Paracin"]
[Date "2009.08.23"]
[Round "6.7"]
[White "Cvetanovic, Uros"]
[Black "Solomunovic, Igor"]
[Result "0-1"]
[WhiteElo "2164"]
[BlackElo "2421"]
[PlyCount "54"]
[EventDate "2009.??.??"]

1. Nc3 c5 2. Nf3 Nc6 3. d4 cxd4 4. Nxd4 Nf6 5. e4 d6 6. Be2 e5 7. Nb3 Be7 8.
O-O O-O 9. Be3 a5 10. Nd2 d5 11. exd5 Nb4 12. Bf3 Bf5 13. d6 Qxd6 14. Rc1 Rad8
15. a3 Nbd5 16. Nc4 Qe6 17. Nxd5 Nxd5 18. Bxd5 Rxd5 19. Qe2 e4 20. Nb6 Rd6 21.
Qb5 Bg4 22. c4 Bf3 23. h3 Qxh3 24. gxh3 Rg6+ 25. Qg5 Bxg5 26. Kh2 Bxe3 27. fxe3
Rxb6 0-1

[Event "2nd International Chess Festiv"]
[Site "Paracin"]
[Date "2009.08.23"]
[Round "6.18"]
[White "Zivkovic, Ivan B"]
[Black "Rajcevic, Stevan"]
[Result "1-0"]
[WhiteElo "2341"]
[BlackElo "2146"]
[PlyCount "61"]
[EventDate "2009.08.19"]

1. e4 e5 2. Nf3 Nf6 3. Nxe5 d6 4. Nf3 Nxe4 5. d4 d5 6. Bd3 Nc6 7. O-O Be7 8. c4
Nb4 9. Be2 O-O 10. Nc3 Bf5 11. a3 Nxc3 12. bxc3 Nc6 13. cxd5 Qxd5 14. Re1 Rfe8
15. Bf4 Rac8 16. Nd2 Bf6 17. Qa4 Qa5 18. Qb3 Qb6 19. Qa2 Na5 20. g4 Bg6 21. g5
Be7 22. h4 Bd6 23. Be3 Qc6 24. Bg4 Rcd8 25. c4 b6 26. Rac1 Qa4 27. h5 Be4 28.
Nxe4 Rxe4 29. Bf3 Rh4 30. g6 hxg6 31. Bg5 1-0

[Event "2nd International Chess Festiv"]
[Site "Paracin"]
[Date "2009.08.23"]
[Round "6.19"]
[White "Nesic, Nebojsa"]
[Black "Markovic, Marko"]
[Result "0-1"]
[WhiteElo "2127"]
[BlackElo "2312"]
[Annotator ",compaq"]
[PlyCount "112"]
[EventDate "2009.08.19"]

1. d4 d6 2. e4 Nf6 3. Nc3 e5 4. dxe5 dxe5 5. Qxd8+ Kxd8 6. Bg5 Be6 7. O-O-O+
Nbd7 8. f4 exf4 9. Nf3 Kc8 10. Nd4 Bd6 11. Nxe6 fxe6 12. Bc4 Re8 13. e5 Nxe5
14. Bb5 Nc6 15. Rhf1 e5 16. g3 Ng4 17. gxf4 Ne3 18. fxe5 Nxd1 19. exd6 Nxc3 20.
Rf7 Nxa2+ 21. Kb1 cxd6 22. Kxa2 Re5 23. Bxc6 bxc6 24. Bf4 Rd5 25. Rxg7 h5 26.
h4 a6 27. Rh7 Rb8 28. Bg5 Ra5+ 29. Kb1 Rab5 30. b3 a5 31. Kc1 a4 32. bxa4 Rb4
33. a5 Ra4 34. Rxh5 Rxa5 35. Rh7 Rb4 36. Be7 Ra7 37. Rh8+ Kd7 38. Bf8 Ra1+ 39.
Kd2 Rh1 40. h5 Rbh4 41. h6 Re4 42. Rg8 d5 43. Rg3 Reh4 44. Rg6 Kc7 45. Kc3 Kb6
46. Kb3 Kb5 47. Bg7 c5 48. Rd6 R1h3+ 49. Kb2 Kc4 50. Rc6 Kb5 51. Rc8 Rh5 52.
Bf8 d4 53. Bg7 Rh2 54. Rd8 R5h3 55. Be5 Re2 56. Bf6 Rhh2 0-1

[Event "2nd International Chess Festiv"]
[Site "Paracin"]
[Date "2009.08.23"]
[Round "6.20"]
[White "Bulatovic, Nikola"]
[Black "Ravic, Nenad"]
[Result "1/2-1/2"]
[WhiteElo "2111"]
[BlackElo "2283"]
[PlyCount "62"]
[EventDate "2009.08.19"]

1. e4 c5 2. Nf3 d6 3. d4 cxd4 4. Nxd4 Nf6 5. Nc3 a6 6. Bg5 e6 7. f4 h6 8. Bxf6
Qxf6 9. Qd2 Qd8 10. O-O-O Be7 11. Kb1 Nc6 12. g4 O-O 13. Be2 Bd7 14. h4 Nxd4
15. Qxd4 g6 16. f5 Bf6 17. Qxd6 Bxc3 18. bxc3 Bc6 19. Qxd8 Raxd8 20. Rxd8 Rxd8
21. Bd3 exf5 22. gxf5 Re8 23. Rg1 Kg7 24. fxg6 fxg6 25. Rg4 Re5 26. Kc1 g5 27.
hxg5 hxg5 28. Kd2 Bd7 29. Rg1 Kg6 30. Ke3 Re7 31. Kd4 g4 1/2-1/2

[Event "2nd International Chess Festiv"]
[Site "Paracin"]
[Date "2009.08.23"]
[Round "6.21"]
[White "Milosevic, Aleksandar"]
[Black "Arandjelovic, Aleksandar Z"]
[Result "1/2-1/2"]
[WhiteElo "2280"]
[BlackElo "2113"]
[PlyCount "52"]
[EventDate "2009.08.19"]

1. Nf3 f5 2. g3 Nf6 3. Bg2 g6 4. O-O Bg7 5. d4 d6 6. c4 O-O 7. Nc3 c6 8. Qb3
Nbd7 9. Ng5 Qb6 10. Ne6 Rf7 11. Nxg7 Qxb3 12. axb3 Kxg7 13. b4 Nb6 14. b3 a6
15. Bd2 Rf8 16. Ra5 Bd7 17. Re1 Rad8 18. e4 e6 19. Be3 Na8 20. Bf4 Bc8 21. b5
cxb5 22. Nxb5 axb5 23. Rxa8 Nxe4 24. Bxe4 fxe4 25. Rxe4 bxc4 26. bxc4 h6
1/2-1/2

[Event "2nd International Chess Festiv"]
[Site "Paracin"]
[Date "2009.08.23"]
[Round "6.22"]
[White "Djosic, Slavoljub"]
[Black "Vebel, Goran"]
[Result "1/2-1/2"]
[WhiteElo "2258"]
[BlackElo "2081"]
[Annotator ",compaq"]
[PlyCount "45"]
[EventDate "2009.08.19"]

1. b3 e5 2. Bb2 Nc6 3. c4 g6 4. g3 Bg7 5. Bg2 Nge7 6. Nc3 O-O 7. e3 d6 8. Nge2
f5 9. O-O g5 10. f4 Ng6 11. Nd5 h6 12. Qc2 Nce7 13. Rac1 c6 14. Ndc3 Bd7 15. b4
gxf4 16. gxf4 exf4 17. Nxf4 Nxf4 18. Rxf4 Ng6 19. Rff1 Qg5 20. Ne2 Bxb2 21.
Qxb2 Rf6 22. Rf2 Nh4 23. Nf4 {... necitko} 1/2-1/2

[Event "2nd International Chess Festiv"]
[Site "Paracin"]
[Date "2009.08.23"]
[Round "6.23"]
[White "Nestorovic, Lazar"]
[Black "Nestorovic, Irena"]
[Result "1/2-1/2"]
[WhiteElo "2240"]
[BlackElo "2038"]
[PlyCount "41"]
[EventDate "2009.08.19"]

1. c4 e5 2. Nc3 Nc6 3. g3 Nf6 4. Bg2 d6 5. d3 Be6 6. Nf3 h6 7. O-O Qd7 8. a3
Be7 9. b4 a6 10. Bb2 O-O 11. e4 Bh3 12. Nd5 Bxg2 13. Kxg2 Nd8 14. Nxf6+ Bxf6
15. Rc1 Ne6 16. Kh1 Ng5 17. Nxg5 hxg5 18. Kg2 g4 19. f3 gxf3+ 20. Qxf3 Bg5 21.
Rcd1 1/2-1/2

[Event "2nd International Chess Festiv"]
[Site "Paracin"]
[Date "2009.08.23"]
[Round "6.24"]
[White "Sarenac, David"]
[Black "Mladenovic, Stefan"]
[Result "0-1"]
[WhiteElo "2227"]
[BlackElo "1978"]
[Annotator ",compaq"]
[PlyCount "98"]
[EventDate "2009.08.19"]

1. e4 c6 2. d4 d5 3. Nc3 dxe4 4. Nxe4 Bf5 5. Ng3 Bg6 6. Nh3 e6 7. Nf4 Nf6 8. h4
e5 9. Nxg6 hxg6 10. dxe5 Qxd1+ 11. Kxd1 Ng4 12. Ne4 Nxe5 13. Bf4 Nbd7 14. c3
Be7 15. g3 f6 16. Kc2 g5 17. Be3 gxh4 18. gxh4 Ng4 19. Bf4 g5 20. Bh3 Nxf2 21.
Nxf2 gxf4 22. Bf5 Ne5 23. h5 Kf7 24. Ne4 Rh6 25. Rh4 Rg8 26. Rah1 Rg2+ 27. Kb3
f3 28. R4h2 Nd3 29. Nd2 Bd6 30. Bxd3 Rxh2 31. Bg6+ Rxg6 32. hxg6+ Kxg6 33. Rxh2
Bxh2 34. Nxf3 Bd6 35. Kc4 Kf5 36. Kd3 Kf4 37. Ke2 f5 38. Nd4 Ke4 39. Ne6 Be7
40. Nd4 Bf6 41. Nb3 $11 b5 42. Nd2+ Kf4 43. Nf3 a5 44. Ne1 Kg3 45. Nf3 a4 46.
a3 c5 47. Nd2 Bg5 48. Nf3 Bc1 49. Ne5 Bxb2 0-1

[Event "2nd International Chess Festiv"]
[Site "Paracin"]
[Date "2009.08.23"]
[Round "6.25"]
[White "Gagic, Miroljub"]
[Black "Stojkovic, Miroljub"]
[Result "0-1"]
[WhiteElo "1895"]
[BlackElo "2226"]
[PlyCount "91"]
[EventDate "2009.08.19"]

1. e4 c6 2. d4 d5 3. Nc3 dxe4 4. Nxe4 Nf6 5. Nxf6+ exf6 6. Nf3 Bd6 7. Be2 O-O
8. O-O Re8 9. b3 Nd7 10. Bb2 Nf8 11. Ne1 Ng6 12. c4 Qc7 13. g3 f5 14. f4 Bd7
15. Bf3 Rad8 16. Rc1 Be7 17. Qc2 Bf6 18. Nd3 Bc8 19. Ne5 c5 20. Bd5 Be6 21. Qg2
cxd4 22. Nxg6 hxg6 23. Bxb7 d3 24. Bxf6 gxf6 25. Rcd1 Rd6 26. Bf3 a5 27. Qd2
Kg7 28. Qc3 Qc5+ 29. Kg2 Red8 30. Rd2 a4 31. Rfd1 axb3 32. axb3 Qe3 33. c5 Rd4
34. c6 Bd5 35. Bxd5 R4xd5 36. b4 Rc8 37. Rxd3 Rxd3 38. Qxd3 Qe4+ 39. Kf2 Qxb4
40. Qd4 Qb5 41. Rc1 Rxc6 42. Rxc6 Qxc6 43. Qd1 g5 44. Qf3 Qe4 45. fxg5 fxg5 46.
Kg2 0-1